000 00405 a2200169 4500
001 73695
020 _a850062275-X
040 _cAnchieta - Colégio São Paulo
100 _aGomes, Dias
240 1 0 _aRoque santeiro ou O Berço do Herói
_lpor
245 1 0 _aRoque santeiro ou O Berço do Herói
300 _a160
362 0 _a1991
440 1 _aEdiouro
650 4 _aTeatro brasileiro
942 _cBK
999 _c73695
_d73695